| 000 | 00859nam a2200265Ia 4500 | ||
|---|---|---|---|
| 003 | OSt | ||
| 005 | 20260519114456.0 | ||
| 008 | 211109s9999||||xx |||||||||||||| ||und|| | ||
| 020 | _a9788171308033 | ||
| 040 | _cSBCL | ||
| 082 |
_a894.8123 _bKAK-A |
||
| 100 | _aKakkattil, Akbar | ||
| 245 | 0 | _aAkasathinte Athirukal | |
| 260 |
_bD c Books _aKottayam _c1998 |
||
| 300 | _a91p. | ||
| 630 | _x Literature & rhetoric | ||
| 650 | _aLiteratures of other languages | ||
| 650 | _aLiteratures of Altaic, Uralic, Hyperborean, Dravidian languages; literatures of miscellaneous languages of south Asia | ||
| 650 | _aDravidian literatures | ||
| 650 | _aSouth Dravidian languages | ||
| 650 | _aMalayalam | ||
| 650 | _aMalayalam fiction | ||
| 650 |
_vExistentialism in literature _xManners and customsExistentialismMalayalam |
||
| 942 | _cBOOK | ||
| 999 |
_c54286 _d54286 |
||